000 01196nam a2200241Ia 4500
999 _c42362
_d42362
001 9058
003 GE_BSU
005 20211210145246.0
008 181216sge ||||xx |||||||||||||| ||geo||
020 _a978994238051
040 _cGE_BSU
041 _ageo
080 _a005 (076.3) გ-41
100 _aგეჩბაია, ბადრი.
_913261
245 _aმენეჯმენტის საფუძვლები აქტიური სწავლება :
_bნ.1: საქმიანი თამაშები: სავარჯოშოები,სიტუაციები, ტესტები /
_cბადრი გეჩბაია; პაატა აროშიძე ; რედ. გელა მამულაძე
264 _aბათუმი,
_c2013.
300 _a65 გვ .:
_c29 სმ.
653 _aმენეჯმენტის საფუძვლები.აქტიური სწავლება.
653 _aმენეჯმენტი
700 _aაროშიძე, პაატა
_94137
700 _aმამულაძე, გელა
_eრედაქტორი
_913262
942 _cBK
_2udc